Linguistic glossary English Malayalam (Record no. 22845)
[ view plain ]
| 000 -LEADER | |
|---|---|
| fixed length control field | 00273nam a2200097Ia 4500 |
| 082 ## - DEWEY DECIMAL CLASSIFICATION NUMBER | |
| Classification number | 800(038) |
| Item number | LIN |
| 245 #0 - TITLE STATEMENT | |
| Title | Linguistic glossary English Malayalam |
| 260 ## - PUBLICATION, DISTRIBUTION, ETC. (IMPRINT) | |
| Place of publication | Thiruvananathapuram |
| Name of publisher | Kerala Bhasha Inst |
| Year of publication | 1970 |
| 942 ## - ADDED ENTRY ELEMENTS (KOHA) | |
| Koha item type | Books |
| Withdrawn status | Lost status | Damaged status | Not for loan | Home library | Current library | Date acquired | Cost, normal purchase price | Full call number | Accession Number | Koha item type |
|---|---|---|---|---|---|---|---|---|---|---|
| RRII Library | RRII Library | 16/12/2021 | 3.00 | 800(038) LIN | 03556 | Books |